| 000 | 004550000a22001690004500 | ||
|---|---|---|---|
| 003 | MACL | ||
| 005 | 20160101171607.0 | ||
| 008 | 160101b xxu||||| |||| 00| 0 eng d | ||
| 040 |
_aMACL _cMACL |
||
| 041 | _aEnglish | ||
| 082 | _a349/KAN | ||
| 100 |
_aKane, Pandurang Vaman _926770 |
||
| 245 |
_aHistory of Dharmasastra _bvol 2 part 1 |
||
| 260 |
_bBhandarkar Oriental Research Institute _c1941 _aPuna |
||
| 650 |
_aLaw _926771 |
||
| 942 |
_cBK _k349/KAN _2ddc |
||
| 999 |
_c35617 _d35617 |
||